<?xml version="1.0" encoding="UTF-8"?>
<record
    xmlns:xsi="http://www.w3.org/2001/XMLSchema-instance"
    xsi:schemaLocation="http://www.loc.gov/MARC21/slim http://www.loc.gov/standards/marcxml/schema/MARC21slim.xsd"
    xmlns="http://www.loc.gov/MARC21/slim">

  <leader>01843nam a22002537a 4500</leader>
  <controlfield tag="001">4681</controlfield>
  <controlfield tag="003">FISKH</controlfield>
  <controlfield tag="005">20240920103844.0</controlfield>
  <controlfield tag="008">240920b        cb ||||| |||| 00| 0 eng d</controlfield>
  <datafield tag="020" ind1=" " ind2=" ">
    <subfield code="a">9780141182704</subfield>
  </datafield>
  <datafield tag="040" ind1=" " ind2=" ">
    <subfield code="a">FISKH</subfield>
    <subfield code="b">eng</subfield>
    <subfield code="c">FISKH</subfield>
    <subfield code="d">FISKH</subfield>
  </datafield>
  <datafield tag="050" ind1=" " ind2=" ">
    <subfield code="a">PR6029.R8</subfield>
  </datafield>
  <datafield tag="082" ind1=" " ind2=" ">
    <subfield code="2">823.912</subfield>
  </datafield>
  <datafield tag="100" ind1=" " ind2=" ">
    <subfield code="a">Orwell, George</subfield>
    <subfield code="d">(1903&#x2013;1950)</subfield>
  </datafield>
  <datafield tag="245" ind1=" " ind2=" ">
    <subfield code="a">Animal farm /</subfield>
    <subfield code="c">George Orwell</subfield>
  </datafield>
  <datafield tag="250" ind1=" " ind2=" ">
    <subfield code="a">Published in 1951</subfield>
  </datafield>
  <datafield tag="260" ind1=" " ind2=" ">
    <subfield code="a">London :</subfield>
    <subfield code="b">Penguin Books,</subfield>
    <subfield code="c">1951.</subfield>
  </datafield>
  <datafield tag="300" ind1=" " ind2=" ">
    <subfield code="a">113 pages :</subfield>
    <subfield code="c">20cm</subfield>
  </datafield>
  <datafield tag="520" ind1=" " ind2=" ">
    <subfield code="a">Classic Literature. Fiction. HTML:
George Orwell's classic satire of the Russian Revolution has become an intimate part of our contemporary culture, with its treatment of democratic, fascist, and socialist ideals through an animal fable. The animals of Mr. Jones' Manor Farm are overworked, mistreated, and desperately seeking a reprieve. In their quest to create an idyllic society where justice and equality reign, the animals of Manor Farm revolt against their human rulers, establishing the democratic Animal Farm under the credo, "All Animals Are Created Equal." Out of their cleverness, the pigs&#xFFFD;Napoleon, Squealer, and Snowball&#xFFFD;emerge as leaders of the new community. In a development of insidious familiarity, the pigs begin to assume ever greater amounts of power, while other animals, especially the faithful horse Boxer, assume more of the work. The climax of the story is the brutal betrayal of Boxer, when totalitarian rule is reestablished with the bloodstained postscript to the founding slogan: "But Some Animals Are More Equal than Others."

This astonishing allegory, one of the most scathing satires in literary history, remains as fresh and relevant as the day it was published.</subfield>
  </datafield>
  <datafield tag="650" ind1=" " ind2=" ">
    <subfield code="2">Politics</subfield>
    <subfield code="a">Read</subfield>
    <subfield code="v">Fiction</subfield>
  </datafield>
  <datafield tag="650" ind1=" " ind2=" ">
    <subfield code="2">Classics</subfield>
    <subfield code="a">Animals</subfield>
  </datafield>
  <datafield tag="942" ind1=" " ind2=" ">
    <subfield code="2">ddc</subfield>
    <subfield code="c">BK</subfield>
    <subfield code="n">0</subfield>
  </datafield>
  <datafield tag="999" ind1=" " ind2=" ">
    <subfield code="c">4681</subfield>
    <subfield code="d">4681</subfield>
  </datafield>
  <datafield tag="952" ind1=" " ind2=" ">
    <subfield code="0">0</subfield>
    <subfield code="1">0</subfield>
    <subfield code="2">ddc</subfield>
    <subfield code="4">0</subfield>
    <subfield code="7">0</subfield>
    <subfield code="8">FIC</subfield>
    <subfield code="a">001</subfield>
    <subfield code="b">001</subfield>
    <subfield code="c">SBS</subfield>
    <subfield code="d">2024-09-20</subfield>
    <subfield code="l">0</subfield>
    <subfield code="o">ORW 823.912 PR6029.R8</subfield>
    <subfield code="p">2024-2047</subfield>
    <subfield code="r">2024-09-20 10:38:35</subfield>
    <subfield code="t">1</subfield>
    <subfield code="w">2024-09-20</subfield>
    <subfield code="y">BK</subfield>
  </datafield>
</record>
